000 00548nam a2200181Ia 4500
008 090124s9999 xx 000 0 und d
082 _b101816
100 _aभावे शिवराम गोविंद
245 _a प्रेमगीते
250 _a1
260 _c1942
300 _a78
600 _aभावे शिवराम गोविंद
630 _a प्रेमगीते
700 _aभावे शिवराम गोविंद
730 _a प्रेमगीते
942 _cBOOK
999 _c147908
_d147908